000 02254nam0a2200469 4500
001 RU\NLR\bibl\351340
005 20260405213810.0
010 _a5-8064-0320-3
_91000
021 _aRU
_b2002-48960
_92367
035 _a(NLR Aleph) 000346059
090 _a246480
_c246480
100 _a20021218d2000 |||y0rusy50 ca
101 0 _arus
102 _aRU
105 _ay |||||||||
200 1 _aТеория речевой деятельности
_eХрестоматия
_fР.И. Лалаева, Е.А. Логинова, Т.А. Титов
_gПод ред. Р.И. Лалаевой
_gРос. гос. пед. ун-т им. А.И. Герцена
210 _aСПб.
_cИзд-во РГПУ им. А.И. Герцена
_d2000
215 _a413 с.
_d21
320 _aБиблиогр.: с. 411 (28 назв.)
606 0 _aПсихолингвистика
_jРуководства, пособия и т.п.
_9957276
_3RU\NLR\auth\66356957
606 0 _aПсихолингвистика
_jУчебные издания
_9957276
_3RU\NLR\auth\66356957
606 0 _aЯзык и речь
_jРуководства, пособия и т.п.
_91995714
_3RU\NLR\auth\661202012
606 0 _aЯзык и речь
_jУчебные издания
_91995714
_3RU\NLR\auth\661202012
606 0 _aЛогопедия
_jХрестоматии
_9943775
_3RU\NLR\auth\66349633
610 0 _aРечевая деятельность
610 0 _aПсихолингвистика - Хрестоматии
675 _a81'23(075.8)
_v3
_zrus
686 _a16.41
_2rugasnti
686 _a81-923
_2rubbk
686 _aШ100.42я7
686 _aШ100.52я7
686 _aЧ437я7
700 1 _aЛалаева
_bР. И.
_gРаиса Ивановна
_4070
701 1 _4070
_aЛогинова
_bЕ. А.
_cканд. пед. наук, логопедия
_gЕлена Александровна
_9207911
_3RU\NLR\AUTH\770207964
701 1 _4070
_8rus
_7ca
_aТитова
_bТ. А.
_cпедагог, логопедия
_gТамара Александровна
_3RU\NLR\auth\7796795
_979721
801 0 _aRU
_bRKP
_c20021218
_gPSBO
801 1 _aRU
_bRKP
_c20021218
801 2 _aRU
_bNLR
_c20120827
_grcr
942 _cBOOK
980 _aNB